Open Data Biblioteca Nacional de Portugal


República Portuguesa: Ministério da Cultura
Biblioteca Nacional de Portugal

Catálogo da BNP: acesso por Identificadores Unívocos
Registos Bibliográficos associados ao registo de autoridade

Etiqueta de registo: 00230nam 2200025 450
001 1749895
003 http://id.bnportugal.gov.pt/bib/catbnp/1749895
100 ## $a20100625d2006 k y0pory0103 ba
101 0# $apor$deng
102 ## $aPT
105 ## $aa m 000yy
106 ## $ar
200 1# $aReservatórios em material compósito para fluidos sob pressão$fJoão Carlos Velosa Pereira
210 #9 $a[Guimarães$cs.n.],$d2007
215 ## $aXIX, 139, [13] p.$cil.$d30 cm$eerrata ([1] f.)
320 ## $aBbibliografia, p. 131-139
328 #1 $aTese mestr. Processamento e Caracterização de Materiais, Escola de Eng. Univ. do Minho, 2007
675 ## $a620(043)$vBN$zpor$3335601
675 ## $a621(043)$vBN$zpor$3297307
675 ## $a678.07(043)$vBN$zpor$31276346
700 #1 $aPereira,$bJoão Carlos Velosa$31425771
801 #0 $aPT$bBN$gRPC
966 ## $lBN$mFGMON$sS.A. 133877 V.$x1

Etiqueta de registo: 00000nam 2200025 450
001 2281858
003 http://id.bnportugal.gov.pt/bib/catbnp/2281858
100 ## $a20260319d2025 k y0pory01030103ba
101 0# $aeng$dpor
102 ## $aPT
105 ## $aa m 000yy
106 ## $ar
200 1# $aDesign and optimization of printed circuit boards reinforced with natural fibers using computational finite element methods$fJoão Carlos Velosa Pereira$gorient. Joana Maria Rodrigues Curto, Geoffrey Robert Mitchell, Abílio Manuel Pereira da Silva
210 #9 $aCovilhã$c[s.n.],$d2025
215 ## $aXXIV, 278 p.$cil.$d30 cm
328 #1 $aTese dout. Ciência e Engenharia dos Materiais Fibrosos, Universidade Beira Interior, 2025
675 ## $a621.3.04(043)$vBN$zpor$31227036
675 ## $a677.02(043)$vBN$zpor$31233929
700 #1 $aPereira,$bJoão Carlos Velosa$31425771
702 #1 $aCurto,$bJoana Maria Rodrigues$4727$31193540
702 #1 $aMitchell,$bGeoffrey Robert$4727$31992547
702 #1 $aSilva,$bAbílio Manuel Pereira da$4727$31158896
801 #0 $aPT$bBN$gRPC
966 ## $lBN$mFGMON$sS.A. 193576 V.$x1
971 ## $corlando$d20260319
972 ## $e0$z0$d20260421$vlrevez
973 ## $cigoulao$d20260414

OpendataBNP@bnportugal.pt | Mais informação sobre acesso aos dados BNP